000 00353 a2200169 4500
001 170466
020 _a85-262-4252-0
040 _cMagnum
100 _aShakespeare, William
240 1 0 _aRei lear
_lpor
245 1 0 _aRei lear
300 _a103
362 0 _a2002
440 1 _aScipione
697 _aLITERATURA JUVENIL ESTRANGEIRA
942 _cBK
999 _c170466
_d170466